[Zákony 2002] úplné znenie

Salvato in:
Dettagli Bibliografici
Natura: Libro
Lingua:slovacco
Pubblicazione: Žilina PORADCA 2002
Soggetti:
Tags: Aggiungi Tag
Nessun Tag, puoi essere il primo ad aggiungerne!!

MARC

LEADER 00000nam a2200000 4500
001 c132592
005 20221124093410.4
022 |a 1335-6127 
041 0 |a slo 
044 |a SK 
245 1 0 |a [Zákony 2002]  |b úplné znenie 
264 1 |a Žilina  |b PORADCA  |c 2002 
300 |a 16 s. 
610 2 0 |a rodina 
610 2 0 |a výdavky 
610 2 0 |a príjmy 
610 2 0 |a služby sociálne 
610 2 0 |a Slovensko 
610 2 0 |a 2002